000 01330cam a2200337 i 4500
001 12172
003 Mx-PuUPA
005 20260428113112.0
008 140415s2022 caua fr 000 0 eng d
020 _a9781440878848
_qrústica
040 _cMx-PuUPA
_aMx-PuUPA
_bspa
_dMx-PuUPA
_erda
041 0 _aeng
100 1 _aGastel, Barbara,
_d1952-
_eautor
_918050
245 1 0 _aHow to write and publish a scientific paper /
_cBarbara Gastel and Robert A. Day
250 _aNinth edition
264 1 _aSanta Barbara, California :
_bGreenwood,
_c©2022
300 _axxiii, 348 páginas :
_bilustraciones (en blanco y negro) ;
_c24 cm
336 _2rdacontent
_atexto
_btxt
337 _2rdamedia
_asin medio
_bn
338 _2rdacarrier
_avolumen
_bnc
650 7 _2armarc
_aRedacción técnica
650 7 _2armarc
_aEditoriales
650 7 _2armarc
_aRedacción académica
650 7 _2armarc
_aInvestigación
_xMetodología
700 1 _aDay, Robert A.,
_eautor
942 _2ddc
_cLI
_h808.066
_iG24
999 _c12172
_d12172